00406nam a22001337a 450000500170000000800410001704100120005808200120007010000120008224500370009426000860013130000300021765000250024720240820083056.0240820b |||||||| |||| 00| 0 eng d aEnglish a349 LAW lEnglish aThe Law Reports: Family Division aLondon: bThe Incorporated Council of Law Reporting for England and Wales, c1982 bxii, 144 pages; c25 cm.  aLegal practice bLaw